Cartera de efectos comerciales y financieros en la Banca Privada / (Record no. 85328)

MARC details
000 -LEADER
campo de control de longitud fija 00612nam a2200181 i 4500
001 - NÚMERO DE CONTROL
campo de control 85328
003 - IDENTIFICADOR DE NÚMERO DE CONTROL
campo de control ES-MaACL
007 - CAMPO FIJO DE DESCRIPCIÓN FÍSICA--INFORMACIÓN GENERAL
campo de control de longitud fija t|
008 - DATOS DE LONGITUD FIJA--INFORMACIÓN GENERAL
campo de control de longitud fija 041126s1949 sp ||||1| spa d
100 1# - ENTRADA PRINCIPAL--NOMBRE DE PERSONA
Nombre de persona Joven López, Joaquín.
9 (RLIN) 67056
245 10 - MENCIÓN DEL TÍTULO
Título Cartera de efectos comerciales y financieros en la Banca Privada /
Mención de responsabilidad, etc. por Joaquín Joven López.
260 ## - PUBLICACIÓN, DISTRIBUCIÓN, ETC.
Lugar de publicación, distribución, etc. [Zaragoza :
Nombre del editor, distribuidor, etc. s.n.],
Fecha de publicación, distribución, etc. 1949 (
Fabricante Tip. La Editorial)
300 ## - DESCRIPCIÓN FÍSICA
Extensión 185 p. ;
Dimensiones 23 cm.
490 1# - MENCIÓN DE SERIE
Mención de serie Monografías prácticas de banca ;
Designación de volumen o secuencia 1
830 0# - PUNTO DE ACCESO ADICIONAL DE SERIE-TÍTULO UNIFORME
Título uniforme Monografías prácticas de banca ;
Designación de volumen o secuencia 1
9 (RLIN) 231710
852 ## - LOCALIZACIÓN
Ubicación ES-MaACL
Número de control de estantería B-5600
Sublocalización o colección R.26840
Holdings
Estatus retirado Estado de pérdida Estado de daño No para préstamo Biblioteca de origen Biblioteca actual Ubicación en estantería Fecha de adquisición Fuente de adquisición Total de préstamos Signatura topográfica completa Código de barras Visto por última vez Precio de reemplazo Tipo de ítem Koha
        Biblioteca del Ateneo de Madrid Biblioteca del Ateneo de Madrid Sala Pardo Bazán 17/01/2008     B-5600 1089167 23/02/2023 23/02/2023 Libro impreso